书目信息 |
| 题名: |
公司控制权
|
|
| 作者: | 卢庆华 著 | |
| 分册: | ||
| 出版信息: | 北京 机械工业出版社 2021.05 |
|
| 页数: | X, 309页 | |
| 开本: | 21cm | |
| 丛书名: | ||
| 单 册: | ||
| 中图分类: | F276.6 | |
| 科图分类: | ||
| 主题词: | 公司--gong si--控制权--研究 | |
| 电子资源: | ||
| ISBN: | 978-7-111-68032-1 | |
| 000 | 01287nam0 2200277 450 | |
| 001 | 202021044913 | |
| 005 | 20211025120153.0 | |
| 010 | @a978-7-111-68032-1@dCNY79.00 | |
| 100 | @a20211006d2021 em y0chiy50 ea | |
| 101 | 0 | @achi |
| 102 | @aCN@b110000 | |
| 105 | @aa z 000yy | |
| 106 | @ar | |
| 200 | 1 | @a公司控制权@Agong si kong zhi quan@e用小股权控制公司的九种模式@f卢庆华著 |
| 205 | @a第2版 | |
| 210 | @a北京@c机械工业出版社@d2021.05 | |
| 215 | @aX, 309页@c图@d21cm | |
| 300 | @a华章图书 | |
| 314 | @a卢庆华, 资深股权律师。 | |
| 330 | @a本书共五部分。首先介绍公司控制权的基础, 分别介绍了企业的主要类型、九条股权生命线以及防“野蛮人”的七大招数 ; 第二部分介绍用小股权控制公司的九种模式 ; 第三部分介绍如何从六个层面掌握公司的控制权, 包括股权层面、股东会层面、董事会层面、董事长层面、管理层层面、法定代表人层面 ; 第四部分介绍了三种控制公司的工具, 分别是股东协议、公司章程以及股东会和董事会会议 ; 第五部分是对公司控制权的综述, 介绍了公司章程与股东协议、股权结构与公司控制权、顶层架构与公司控制权。 | |
| 517 | 1 | @a用小股权控制公司的九种模式@Ayong xiao gu quan kong zhi gong si de jiu zhong mo shi |
| 606 | 0 | @a公司@Agong si@x控制权@x研究 |
| 690 | @aF276.6@v5 | |
| 701 | 0 | @a卢庆华@Alu qing hua@4著 |
| 801 | 0 | @aCN@c20210909 |
| 905 | @a河南城建学院图书馆@dF276.6@eL786 | |
| 公司控制权:用小股权控制公司的九种模式/卢庆华著.-第2版.-北京:机械工业出版社,2021.05 |
| X, 309页:图;21cm |
| 华章图书 |
| ISBN 978-7-111-68032-1:CNY79.00 |
| 本书共五部分。首先介绍公司控制权的基础, 分别介绍了企业的主要类型、九条股权生命线以及防“野蛮人”的七大招数 ; 第二部分介绍用小股权控制公司的九种模式 ; 第三部分介绍如何从六个层面掌握公司的控制权, 包括股权层面、股东会层面、董事会层面、董事长层面、管理层层面、法定代表人层面 ; 第四部分介绍了三种控制公司的工具, 分别是股东协议、公司章程以及股东会和董事会会议 ; 第五部分是对公司控制权的综述, 介绍了公司章程与股东协议、股权结构与公司控制权、顶层架构与公司控制权。 |
| ● |
| 相关链接 |
|
|
|
正题名:公司控制权
索取号:F276.6/L786
 
预约/预借
| 序号 | 登录号 | 条形码 | 馆藏地/架位号 | 状态 | 备注 |
| 1 | 1544563 | 215445631 | 社科库409/409社科库 96排2列5层/ [索取号:F276.6/L786] | 在馆 | |
| 2 | 1544564 | 215445640 | 社科库409/409社科库 96排2列5层/ [索取号:F276.6/L786] | 在馆 |